عرض عادي
عرض مارك
- Language and languages
مدخل مصطلح موضوعي
001 - رقم الضبط
- حقل الضبط: 45442
003 - معرف رقم الضبط
- حقل الضبط: OSt
005 - تاريخ ووقت أخر عملية
- حقل الضبط: 20140519201835.0
008 - عناصر بيانات ثابتة الطول
- حقل تحكم ثابت الطول: 140519|||a|||||| | ||| d
040 ## - مصدر الفهرسة
- هيئة الفهرسة الأصلية: OSt
- وكالة الكتابة: OSt
150 ## - مدخل-- مصطلح تاريخي
- عنصر مدخل المصطلح الموضوعي او الاسم الجغرافي: Language and languages
- تفريع عام: Study and teaching
- تفريع عام: Computer-assisted instruction
670 ## - بيانات المصدر موجوده
- الاستشهاد بالمصدر: Work cat.: (OSt)0: Dudeney, Gavin, 1964- 45441, Digital literacies :, 2013
